000 00278nam a22001217a 4500
082 _a494
_bCHA/G
100 _aCHADHURVEDHI, M. O
245 _aGANDHI,NEHRU,TAGORE AND AMBEDKAR
260 _aILAHABAD
_bVOHRA PUBLISHERS
300 _a143
650 _aESSAY
_zILAHABAD
942 _cBK
999 _c4165
_d4165